American pigeon journal.

Bibliographic Details
Format: Journal
Language:English
Published: Warrenton, Mo. [publisher not identified] ;
Subjects:
Online Availability: Check for online availability

MARC

Tag First Indicator Second Indicator Subfields
LEADER 00000cas a2200000 4500
001 in00000063412
005 20151007083049.0
008 750726c19129999moumr1p 0uuua1eng d
010 |a sn 78000684  
012 |k 1  |m 1 
022 |a 0003-0511 
035 |a (OCoLC)01480571 
035 |9 AAF8801AM 
040 |a MUL  |c MUL  |d OCL  |d COO  |d NSD  |d TXA  |d UtOrBLW 
042 |a nsdp 
049 |a TXAE 
090 |a SF481  |b .A42 
222 0 |a American pigeon journal 
245 0 0 |a American pigeon journal. 
247 0 0 |a American squab journal  |f v. 1-9, no. 5 
264 1 |a Warrenton, Mo.  |b [publisher not identified] ; 
300 |a  volumes :  |b illustrations ;  |c 27 cm.  |a monthly. 
336 |a text  |b txt  |2 rdacontent 
337 |a unmediated  |b n  |2 rdamedia 
338 |a volume  |b nc  |2 rdacarrier 
362 0 |a v. 1- 1912- 
650 0 |a Pigeons  |x Periodicals. 
999 |a MARS 
999 f f |s 416f0a82-587c-32f9-8093-30ed1f8a8215  |i 14b92cc0-b8ea-3567-82a4-212480aaccce  |t 0 
952 f f |p ric  |a Texas A&M University  |b Rellis Campus  |c Joint Library Facility  |d Remote Storage  |t 0  |e SF481 .A42  |h Library of Congress classification  |i unmediated -- volume  |k v.73:no.1-6  |l 1984:Jan.-June  |m A14851443664 
952 f f |p ric  |a Texas A&M University  |b Rellis Campus  |c Joint Library Facility  |d Remote Storage  |t 0  |e SF481 .A42  |h Library of Congress classification  |i unmediated -- volume  |k v.47:no.9-12  |l 1958:Sept.-Dec.  |m A14851443250 
952 f f |p ric  |a Texas A&M University  |b Rellis Campus  |c Joint Library Facility  |d Remote Storage  |t 0  |e SF481 .A42  |h Library of Congress classification  |i unmediated -- volume  |k v.55  |l 1966  |m A14851443334 
952 f f |p ric  |a Texas A&M University  |b Rellis Campus  |c Joint Library Facility  |d Remote Storage  |t 0  |e SF481 .A42  |h Library of Congress classification  |i unmediated -- volume  |k v.48  |l 1959  |m A14851443268 
952 f f |p ric  |a Texas A&M University  |b Rellis Campus  |c Joint Library Facility  |d Remote Storage  |t 0  |e SF481 .A42  |h Library of Congress classification  |i unmediated -- volume  |k v.52:no.1-4,9-12  |l 1963:Jan.-Apr.,Sept.-Dec.  |m A14851443300 
952 f f |p ric  |a Texas A&M University  |b Rellis Campus  |c Joint Library Facility  |d Remote Storage  |t 0  |e SF481 .A42  |h Library of Congress classification  |i unmediated -- volume  |k v.78:no.1  |l 1990:Jan.  |m A14812297092 
952 f f |p ric  |a Texas A&M University  |b Rellis Campus  |c Joint Library Facility  |d Remote Storage  |t 0  |e SF481 .A42  |h Library of Congress classification  |i unmediated -- volume  |k v.69:no.7-12  |l 1980:July-Dec.  |m A14851443532 
952 f f |p ric  |a Texas A&M University  |b Rellis Campus  |c Joint Library Facility  |d Remote Storage  |t 0  |e SF481 .A42  |h Library of Congress classification  |i unmediated -- volume  |k v.61:no.7-9,11-12  |l 1972:July-Sept.,Nov.-Dec.  |m A14851443391 
952 f f |p ric  |a Texas A&M University  |b Rellis Campus  |c Joint Library Facility  |d Remote Storage  |t 0  |e SF481 .A42  |h Library of Congress classification  |i unmediated -- volume  |k v.66:no.7-12  |l 1977:July-Dec.  |m A14851443474 
952 f f |p ric  |a Texas A&M University  |b Rellis Campus  |c Joint Library Facility  |d Remote Storage  |t 0  |e SF481 .A42  |h Library of Congress classification  |i unmediated -- volume  |k v.50  |l 1961  |m A14851443284 
952 f f |p ric  |a Texas A&M University  |b Rellis Campus  |c Joint Library Facility  |d Remote Storage  |t 0  |e SF481 .A42  |h Library of Congress classification  |i unmediated -- volume  |k v.64:no.3-6  |l 1975:Mar.-June  |m A14811365410 
952 f f |p ric  |a Texas A&M University  |b Rellis Campus  |c Joint Library Facility  |d Remote Storage  |t 0  |e SF481 .A42  |h Library of Congress classification  |i unmediated -- volume  |k v.68:no.7-12  |l 1979:July-Dec.  |m A14851443516 
952 f f |p ric  |a Texas A&M University  |b Rellis Campus  |c Joint Library Facility  |d Remote Storage  |t 0  |e SF481 .A42  |h Library of Congress classification  |i unmediated -- volume  |k v.73:no.7-12  |l 1984:July-Dec.  |m A14851443581 
952 f f |p ric  |a Texas A&M University  |b Rellis Campus  |c Joint Library Facility  |d Remote Storage  |t 0  |e SF481 .A42  |h Library of Congress classification  |i unmediated -- volume  |k v.56  |l 1967  |m A14851443342 
952 f f |p ric  |a Texas A&M University  |b Rellis Campus  |c Joint Library Facility  |d Remote Storage  |t 0  |e SF481 .A42  |h Library of Congress classification  |i unmediated -- volume  |k v.70:no.7-12  |l 1981:July-Dec.  |m A14851443557 
952 f f |p ric  |a Texas A&M University  |b Rellis Campus  |c Joint Library Facility  |d Remote Storage  |t 0  |e SF481 .A42  |h Library of Congress classification  |i unmediated -- volume  |k v.49  |l 1960  |m A14851443276 
952 f f |p ric  |a Texas A&M University  |b Rellis Campus  |c Joint Library Facility  |d Remote Storage  |t 0  |e SF481 .A42  |h Library of Congress classification  |i unmediated -- volume  |k v.62:no.7-9,12  |l 1973:July-Sept.,Dec.  |m A14851443417 
952 f f |p ric  |a Texas A&M University  |b Rellis Campus  |c Joint Library Facility  |d Remote Storage  |t 0  |e SF481 .A42  |h Library of Congress classification  |i unmediated -- volume  |k v.71:no.1-6  |l 1982:Jan.-June  |m A14851443565 
952 f f |p ric  |a Texas A&M University  |b Rellis Campus  |c Joint Library Facility  |d Remote Storage  |t 0  |e SF481 .A42  |h Library of Congress classification  |i unmediated -- volume  |k v.61:no.1-6  |l 1972:Jan.-June  |m A14851443383 
952 f f |p ric  |a Texas A&M University  |b Rellis Campus  |c Joint Library Facility  |d Remote Storage  |t 0  |e SF481 .A42  |h Library of Congress classification  |i unmediated -- volume  |k v.60  |l 1971  |m A14851443375 
952 f f |p ric  |a Texas A&M University  |b Rellis Campus  |c Joint Library Facility  |d Remote Storage  |t 0  |e SF481 .A42  |h Library of Congress classification  |i unmediated -- volume  |k v.57  |l 1968  |m A14851443359 
952 f f |p ric  |a Texas A&M University  |b Rellis Campus  |c Joint Library Facility  |d Remote Storage  |t 0  |e SF481 .A42  |h Library of Congress classification  |i unmediated -- volume  |k v.64:no.7-12   |l 1975:July-Dec.  |m A14851443441 
952 f f |p ric  |a Texas A&M University  |b Rellis Campus  |c Joint Library Facility  |d Remote Storage  |t 0  |e SF481 .A42  |h Library of Congress classification  |i unmediated -- volume  |k v.58  |l 1969  |m A14851443367 
952 f f |p ric  |a Texas A&M University  |b Rellis Campus  |c Joint Library Facility  |d Remote Storage  |t 0  |e SF481 .A42  |h Library of Congress classification  |i unmediated -- volume  |k v.67:no.1-6  |l 1978:Jan.-June  |m A14851443482 
952 f f |p ric  |a Texas A&M University  |b Rellis Campus  |c Joint Library Facility  |d Remote Storage  |t 0  |e SF481 .A42  |h Library of Congress classification  |i unmediated -- volume  |k v.76:no.7-12  |l 1987:July-Dec.  |m A14811396801 
952 f f |p ric  |a Texas A&M University  |b Rellis Campus  |c Joint Library Facility  |d Remote Storage  |t 0  |e SF481 .A42  |h Library of Congress classification  |i unmediated -- volume  |k v.66:no.1-6  |l 1977:Jan.-June  |m A14851443466 
952 f f |p ric  |a Texas A&M University  |b Rellis Campus  |c Joint Library Facility  |d Remote Storage  |t 0  |e SF481 .A42  |h Library of Congress classification  |i unmediated -- volume  |k v.75:no.1-6  |l 1986:Jan.-June  |m A14851443615 
952 f f |p ric  |a Texas A&M University  |b Rellis Campus  |c Joint Library Facility  |d Remote Storage  |t 0  |e SF481 .A42  |h Library of Congress classification  |i unmediated -- volume  |k v.53  |l 1964  |m A14851443318 
952 f f |p ric  |a Texas A&M University  |b Rellis Campus  |c Joint Library Facility  |d Remote Storage  |t 0  |e SF481 .A42  |h Library of Congress classification  |i unmediated -- volume  |k v.74:no.1-6  |l 1985:Jan.-June  |m A14851443599 
952 f f |p ric  |a Texas A&M University  |b Rellis Campus  |c Joint Library Facility  |d Remote Storage  |t 0  |e SF481 .A42  |h Library of Congress classification  |i unmediated -- volume  |k v.74:no.7-12  |l 1985:July-Dec.  |m A14851443607 
952 f f |p ric  |a Texas A&M University  |b Rellis Campus  |c Joint Library Facility  |d Remote Storage  |t 0  |e SF481 .A42  |h Library of Congress classification  |i unmediated -- volume  |k v.65:no.7-12  |l 1976:July-Dec.  |m A14811365460 
952 f f |p ric  |a Texas A&M University  |b Rellis Campus  |c Joint Library Facility  |d Remote Storage  |t 0  |e SF481 .A42  |h Library of Congress classification  |i unmediated -- volume  |k v.68:no.1-6  |l 1979:Jan.-June  |m A14851443508 
952 f f |p ric  |a Texas A&M University  |b Rellis Campus  |c Joint Library Facility  |d Remote Storage  |t 0  |e SF481 .A42  |h Library of Congress classification  |i unmediated -- volume  |k v.65:no.1-6  |l 1976:Jan.-June  |m A14851443458 
952 f f |p ric  |a Texas A&M University  |b Rellis Campus  |c Joint Library Facility  |d Remote Storage  |t 0  |e SF481 .A42  |h Library of Congress classification  |i unmediated -- volume  |k v.63:no.1-6  |l 1974:Jan.-June  |m A14851443425 
952 f f |p ric  |a Texas A&M University  |b Rellis Campus  |c Joint Library Facility  |d Remote Storage  |t 0  |e SF481 .A42  |h Library of Congress classification  |i unmediated -- volume  |k v.62:no.1-6  |l 1973:Jan.-June  |m A14851443409 
952 f f |p ric  |a Texas A&M University  |b Rellis Campus  |c Joint Library Facility  |d Remote Storage  |t 0  |e SF481 .A42  |h Library of Congress classification  |i unmediated -- volume  |k v.51  |l 1962  |m A14851443292 
952 f f |p ric  |a Texas A&M University  |b Rellis Campus  |c Joint Library Facility  |d Remote Storage  |t 0  |e SF481 .A42  |h Library of Congress classification  |i unmediated -- volume  |k v.75:no.7-12  |l 1986:July-Dec.  |m A14851443623 
952 f f |p ric  |a Texas A&M University  |b Rellis Campus  |c Joint Library Facility  |d Remote Storage  |t 0  |e SF481 .A42  |h Library of Congress classification  |i unmediated -- volume  |k v.59  |l 1970  |m A14820313917 
952 f f |p ric  |a Texas A&M University  |b Rellis Campus  |c Joint Library Facility  |d Remote Storage  |t 0  |e SF481 .A42  |h Library of Congress classification  |i unmediated -- volume  |k v.63:no.7-12  |l 1974:July-Dec.  |m A14851443433 
952 f f |p ric  |a Texas A&M University  |b Rellis Campus  |c Joint Library Facility  |d Remote Storage  |t 0  |e SF481 .A42  |h Library of Congress classification  |i unmediated -- volume  |k v.70:no.1-6  |l 1981:Jan.-June  |m A14851443540 
952 f f |p ric  |a Texas A&M University  |b Rellis Campus  |c Joint Library Facility  |d Remote Storage  |t 0  |e SF481 .A42  |h Library of Congress classification  |i unmediated -- volume  |k v.69:no.1-6  |l 1980:Jan.-June  |m A14851443524 
952 f f |p ric  |a Texas A&M University  |b Rellis Campus  |c Joint Library Facility  |d Remote Storage  |t 0  |e SF481 .A42  |h Library of Congress classification  |i unmediated -- volume  |k v.72:no.7-12  |l 1983:July-Dec.  |m A14851443573 
952 f f |p ric  |a Texas A&M University  |b Rellis Campus  |c Joint Library Facility  |d Remote Storage  |t 0  |e SF481 .A42  |h Library of Congress classification  |i unmediated -- volume  |k v.54  |l 1965  |m A14851443326 
952 f f |p ric  |a Texas A&M University  |b Rellis Campus  |c Joint Library Facility  |d Remote Storage  |t 0  |e SF481 .A42  |h Library of Congress classification  |i unmediated -- volume  |k v.67:no.7-12  |l 1978:July-Dec.  |m A14851443490 
952 f f |p ric  |a Texas A&M University  |b Rellis Campus  |c Joint Library Facility  |d Remote Storage  |t 0  |e SF481 .A42  |h Library of Congress classification  |i unmediated -- volume  |k v.71:no.7-12  |l 1982:July-Dec.  |m A14851443680 
952 f f |p ric  |a Texas A&M University  |b Rellis Campus  |c Joint Library Facility  |d Remote Storage  |t 0  |e SF481 .A42  |h Library of Congress classification  |i unmediated -- volume  |k v.72:no.1-6  |l 1983:Jan.-June  |m A14851443672 
952 f f |p ric  |a Texas A&M University  |b Rellis Campus  |c Joint Library Facility  |d Remote Storage  |t 0  |e SF481 .A42  |h Library of Congress classification  |i unmediated -- volume  |k v.76:no.1-6  |l 1987:Jan.-June  |m A14811396754 
998 f f |a SF481 .A42  |s v.78:no.1 (1990:Jan.)  |t 0  |l Remote Storage